| 000 | 00789cam a22002292 4500 | ||
|---|---|---|---|
| 001 | 0000004306 | ||
| 005 | 20151217145803.0 | ||
| 008 | 070522s xx 000 0 eng d | ||
| 020 |
_a8178082942 : _cKES 800 |
||
| 040 |
_aKABU _cKABU |
||
| 050 | 0 |
_aQA76.76 _b.O63T361 1995 |
|
| 100 | 1 |
_aTanenbaum, Andrew S. _@0000148194 |
|
| 245 | 1 | 0 |
_aDistributed operating systems / _cAndrew S. Tanenbaum. |
| 260 |
_aDelhi : _bPearson Education Asia, _cc1995. |
||
| 300 |
_axvii, 614 p. ; _c25 cm. |
||
| 650 | 0 |
_aDistributed operating systems (Computers) _@0000154777 |
|
| 908 | _a070522 | ||
| 950 | _@1 | ||
| 999 |
_c2599 _d2599 |
||